O dia e a menina fada (Registo nº 2216)
[ vista simples ]
| 000 -Etiqueta do registo | |
|---|---|
| Cabeçalho | 00785nam a22002651 4500 |
| 005 - Identificador da versão | |
| Campo de controlo | 20240813121928.0 |
| 095 ## - | |
| -- | PTBN00927201 |
| 021 ## - Número do Depósito Legal | |
| Código do país | PT |
| Número | 10406/85 |
| 100 ## - Dados gerais de processamento | |
| Dados gerais de processamento | 19910928d1985 dm y0pory5003 ba |
| 102 ## - Pais de publicação ou produção | |
| País de publicação | Portugal |
| 101 0# - Língua de publicação | |
| Língua do texto, banda sonora, etc. | Português |
| 106 ## - Campo de dados codificados: material textual | |
| Dados codificados do material textual | r |
| 215 ## - Descrição física | |
| Indicação específica da natureza do documento e extensão da espécie | 50 p. |
| Outras indicações físicas | il. |
| Dimensões | 25 cm |
| 200 1# - Titulo e menção de responsabilidade | |
| Título próprio | O dia e a menina fada |
| Primeira menção de responsabilidade | Inês Barros Baptista |
| Outras menções de responsabilidade | il. Maria João Duarte Silva |
| 225 2# - Colecção | |
| Título próprio da colecção | Tempos modernos |
| Indicação de volume | 4 |
| 210 ## - Publicação, Distribuição, etc. | |
| Lugar da edição, distribuição, etc. | Lisboa |
| Nome do editor, distribuidor, etc. | Salamandra |
| Data da publicação, distribuição, etc. | imp. 1985 |
| 606 ## - Nome comum usado como assunto | |
| Número de registo de entrada de autoridade | 0000364 |
| Palavra de ordem | Literatura portuguesa infanto-juvenil |
| Subdivisão de assunto | Conto |
| 675 ## - Classificação Decimal Universal (CDU) | |
| Notação | 821.134.3-34 |
| Edição | 2ª |
| Língua da edição | por |
| 702 #1 - Nome de autor-pessoa física (responsabilidade secundária) | |
| Número de registo de entrada de autoridade | 0001028 |
| Palavra de ordem | Silva |
| Outra parte do nome não tomada para palavra de ordem | Maria João Duarte |
| Código de função | Ilustrador / Técnico de desenho computorizado |
| 700 #1 - Nome de autor-pessoa física (responsabilidade principal) | |
| Número de registo de entrada de autoridade | 0001027 |
| Palavra de ordem | Baptista |
| Outra parte do nome não tomada para palavra de ordem | Inês de Barros |
| Datas | 1966- |
| 942 ## - Elementos de entrada adicionados (Koha) | |
| Tipo de item no Koha | Livro |
| Situação do levantamento | Origin of item (home branch) (coded) | Biblioteca de empréstimo | Código de barras | Cota | Circulation type (not for loan) | Tipo de documento | Nota do exemplar | Damaged status |
|---|---|---|---|---|---|---|---|---|
| Biblioteca Escolar da Coca Maravilhas | Biblioteca Escolar da Coca Maravilhas | BECM924/91 | 8POR BAP | Livro | Sem mensagem |
